Effectif du Racing club de Strasbourg Alsace 2022-2023 - Statistiques

Statistiques générales
  • Ce quiz a été pris 452 fois
    222 depuis la dernière actualisation
  • Le résultat moyen est 20 sur 33
Statistiques - réponses
Hint Réponse % Correct
G Matz Sels
99%
A Habib Diallo
90%
A Kevin Gameiro
89%
M Mouhamadou Habib Diarra
82%
D Frédéric Guilbert
81%
A Ludovic Ajorque
80%
D Alexander Djiku
77%
M Dimitri Liénard
76%
G Eiji Kawashima
76%
M Jean-Ricner Bellegarde
76%
D Lucas Perrin
76%
M Ibrahima Sissoko
71%
D Ismael Landry Doukouré
71%
A Lebo Mothiba
71%
D Gerzino Nyamsi
70%
M Jean-Eudes Aholou
68%
M Sanjin Prcic
67%
G Robin Risser
66%
D Thomas Delaine
65%
M Morgan Sanson
63%
M Adrien Thomasson
61%
D Eduard Sobol
61%
G Alexandre Pierre
60%
D Maxime Le Marchand
59%
D Colin Dagba
55%
M Yuito Suzuki
47%
D Karol Fila
39%
M Nordine Kandil
39%
M Dany Jean
31%
D Ronael Pierre-Gabriel
29%
D Antoine Nuss
19%
M Jordan Robinand
6%
M Alexis Casadei
3%
Aucun quiz correspondant
Distribution des résultats
% des personnes avec chaque résultat
Percentile par nombre de réponses
Votre historique - résultats
Vous n’avez pas pris ce quiz depuis la dernière actualisation